| 000 | 00938cam a2200265 a 4500 | ||
|---|---|---|---|
| 001 | 000008233 | ||
| 005 | 20200929161322.0 | ||
| 008 | 971216s1997 ck b 000 e spa d | ||
| 020 | _a9589232388 | ||
| 040 |
_aDO-SdBNP _bspa _cNYP _dDLC _dDLC |
||
| 082 |
_aC864.44 _bZ35r |
||
| 100 | 1 |
_aZapata Olivella, Manuel, _d1920- _922328 |
|
| 245 | 1 | 3 |
_aLa rebelión de los genes : _bel mestizaje americano en la sociedad futura / _cManuel Zapata Olivella. |
| 260 |
_aBogotá, Colombia : _bAltamir ediciones, _c1997. |
||
| 300 |
_a368 p. ; _c21 cm. |
||
| 490 | 1 | _aEnsayo | |
| 504 | _aIncluye referencias bibliográficas | ||
| 650 | 4 |
_aEnsayo colombiano _922329 |
|
| 650 | 4 |
_aLiteratura colombiana _91244 |
|
| 650 | 4 |
_aMestisaje _zAmérica _xEnsayos, conferencias, etc. _922330 |
|
| 650 | 4 |
_aEtnología _zColombia _922331 |
|
| 650 | 4 |
_aAmérica latina _xRelaciones raciales _922332 |
|
| 830 | 0 |
_aEnsayo. _93177 |
|
| 910 | _aCatalogación por copia / LC | ||
| 999 |
_c8004 _d8004 |
||